[Event "ChInt Open"]
[Site "Paris FRA"]
[Date "2008.06.29"]
[Round "2"]
[White "David,Alb"]
[Black "Guilleux,F"]
[Result "1-0"]
[WhiteElo "2562"]
[BlackElo "2391"]

1.e4 c5 2.Nf3 d6 3.Bb5+ Bd7 4.Bxd7+ Qxd7 5.c4 Nf6 6.Nc3 g6 7.d4 cxd4 8.Nxd4 Bg7
9.h3 O-O 10.Be3 Rc8 11.b3 Nc6 12.O-O Qd8 13.Re1 a6 14.Rc1 Rab8 15.a4 Nd7
16.Nf3 Nc5 17.Bg5 h6 18.Bh4 Qa5 19.Nd5 Re8 20.Rb1 g5 21.Bg3 Nd7 22.b4 Qd8
23.Ne3 Nde5 24.Nf5 Nxf3+ 25.Qxf3 Nd4 26.Nxd4 Bxd4 27.e5 dxe5 28.Bxe5 Bxe5
29.Rxe5 Qd6 30.Rd5 Qc6 31.Qd3 Rbc8 32.c5 Kg7 33.Re1 e6 34.Qd4+ Kg6 35.Rd7 Rc7
36.Qd3+ Kg7 37.Qc3+ Kg8 38.Rxc7 Qxc7 39.Qf6 Kh7 40.Rd1 Re7 41.Qd4 Qc6 42.Qd3+ Kg7
43.Qc3+ e5 44.a5 f6 45.Rd6 Qe4 46.Qd2 Qf4 47.Qxf4 exf4 48.Kf1 Kf7 49.Rb6 h5
50.c6 bxc6 51.Rxa6 Re4 52.Rb6 Ke7 53.a6 Rc4 54.a7 Rc1+ 55.Ke2 Ra1 56.Rb7+ Ke6
57.Kd3 Kd5 58.Rd7+ Ke6 59.Rh7 Kd5 60.Kc3 Ra3+ 61.Kb2 Ra6 62.Kb3 Ra1 63.f3 Ra6
64.Rf7 Ke6 65.Rb7 Kd5 66.Rf7 Ke6 67.Rh7 Kd5 68.h4 Ra1 69.Kb2 Ra6 70.Kb3 Ra1
71.hxg5 fxg5 72.Rd7+ Ke6 73.Rg7 g4 74.Kc4 Kd6 75.Kd3 gxf3 76.gxf3 h4 77.Rh7 Ra4
78.Rxh4 Rxa7 79.Rxf4 Ra4 80.Rd4+ Ke5 81.f4+ Kf5 82.Kc4 Ra6 83.Kc5 Ke6 84.Rd6+ Kf5
85.Rxc6 Ra2 86.b5 Kxf4 87.Re6  1-0

[Event "ChInt Open"]
[Site "Paris FRA"]
[Date "2008.06.30"]
[Round "3"]
[White "Shirazi,K"]
[Black "Grover,S"]
[Result "1-0"]
[WhiteElo "2448"]
[BlackElo "2300"]

1.e4 c5 2.Nf3 d6 3.Bb5+ Bd7 4.c4 Nf6 5.Nc3 Bxb5 6.cxb5 d5 7.e5 Ne4 8.e6 f6
9.Qe2 Nxc3 10.dxc3 g6 11.h4 Qb6 12.b3 a6 13.c4 dxc4 14.bxc4 axb5 15.cxb5 Bg7
16.a4 O-O 17.O-O Rd8 18.Ra3 Qd6 19.Re1 Qd5 20.Qc2 f5 21.Bb2 Bxb2 22.Qxb2 Rd6
23.Qa1 Qc4 24.h5 Rxe6 25.h6 Rxe1+ 26.Qxe1 Qf7 27.Rd3  1-0

[Event "Svein Johannessen Mem"]
[Site "Oslo NOR"]
[Date "2008.07.01"]
[Round "9"]
[White "Hammer,J"]
[Black "Getz,N"]
[Result "1-0"]
[WhiteElo "2457"]
[BlackElo "2058"]

1.e4 c5 2.Nf3 d6 3.Bb5+ Bd7 4.Bxd7+ Qxd7 5.c4 Nf6 6.Nc3 g6 7.d4 cxd4 8.Nxd4 Bg7
9.h3 O-O 10.Be3 Rc8 11.b3 Na6 12.O-O Nc5 13.f3 a6 14.Rb1 Rab8 15.a4 b6 16.Qd2 e6
17.Nde2 Rd8 18.Bg5 Qc7 19.Rfd1 Rd7 20.Qe3 Nb7 21.Kh1 Qc5 22.Qd2 Nh5 23.Be3 Qb4
24.Nd4 Rc8 25.g4 Bxd4 26.Bxd4 Ng7 27.Nd5 Qxd2 28.Nf6+ Kh8 29.Rxd2 Rdc7 30.Bxb6 Rc6
31.a5 Ne8 32.Nxe8 Rxe8 33.e5 Kg7 34.Rbd1 dxe5 35.b4 Rxc4 36.Rd7  1-0

[Event "ChInt Open"]
[Site "Paris FRA"]
[Date "2008.07.01"]
[Round "4"]
[White "David,Alb"]
[Black "Vachier Lagrave,M"]
[Result "1/2-1/2"]
[WhiteElo "2562"]
[BlackElo "2632"]

1.e4 c5 2.Nf3 d6 3.Bb5+ Nc6 4.O-O Bd7 5.Re1 Nf6 6.c3 a6 7.Bf1 Bg4 8.d3 g6
9.Nbd2 Bh6 10.h3 Bxf3 11.Nxf3 Bxc1 12.Rxc1 O-O 13.d4 e5 14.Qd2 Kg7 15.b4 cxd4
16.cxd4 Qb6 17.dxe5 dxe5 18.a3 Rad8 19.Qb2 Rfe8 20.Rc5 Nd7 21.Rd5 Nf6 22.Nxe5 Rxd5
23.exd5 Qd4 24.Qxd4 Nxd4 25.f4 Rd8 26.Rd1 Rxd5 27.Rc1 Nd7 28.Nxd7 Rxd7 29.Kf2  1/2-1/2

[Event "IV Open"]
[Site "Sort ESP"]
[Date "2008.07.01"]
[Round "9"]
[White "Baklan,V"]
[Black "Kovchan,A"]
[Result "1/2-1/2"]
[WhiteElo "2647"]
[BlackElo "2513"]

1.e4 c5 2.Nf3 d6 3.Bb5+ Bd7 4.Bxd7+ Qxd7 5.c4 Nc6 6.d4 cxd4 7.Nxd4 Nf6 8.Nc3 Qg4
9.Qxg4 Nxg4 10.Nxc6 bxc6 11.Bf4 g6 12.h3 Nf6 13.e5 Nh5 14.Bh2 dxe5 15.Bxe5 Bg7
16.Bxg7 Nxg7 17.O-O-O Rb8 18.Rd2  1/2-1/2

[Event "ChInt Open"]
[Site "Paris FRA"]
[Date "2008.07.02"]
[Round "5"]
[White "Shirazi,K"]
[Black "Fedorchuk,S"]
[Result "1-0"]
[WhiteElo "2448"]
[BlackElo "2671"]

1.e4 c5 2.Nf3 d6 3.Bb5+ Nc6 4.O-O Bd7 5.Re1 Nf6 6.h3 a6 7.Bf1 e5 8.c3 Be7
9.d4 Qc7 10.Nbd2 b5 11.a4 Rb8 12.axb5 axb5 13.d5 Na5 14.b4 Nb7 15.Ba3 c4
16.Bb2 O-O 17.Ra6 Qc8 18.Qc2 Nh5 19.Bc1 f5 20.exf5 Bxf5 21.Qd1 Nf6 22.Rc6 Qd7
23.Nxc4 bxc4 24.Bxc4 Kh8 25.Bf1 Nd8 26.b5 Nxc6 27.dxc6 Qc7 28.c4 Ra8 29.Bb2 Qb6
30.Bd4 Qa5 31.Nxe5 dxe5 32.Rxe5 Ng8 33.b6 Qb4 34.c7 Bc8 35.c5 Bf6 36.Re4 Bb7
37.Rg4 Bxd4 38.Qxd4 Qxd4 39.Rxd4 Rf5 40.Rd8 Rf8 41.Rd6 Ne7 42.Bb5 Ra1+ 43.Kh2 Rc1
44.Rd8 Rg8 45.Be8 Rxc5 46.Bf7 Rc6 47.Bxg8 Nxg8 48.Rb8 Rxb6 49.c8=Q Bxc8 50.Rxb6 Ne7
51.Rb1 Kg8 52.f4 h5 53.Kg3 Nf5+ 54.Kf3  1-0

[Event "XXXI Open"]
[Site "Barbera del Valles ESP"]
[Date "2008.07.04"]
[Round "1"]
[White "Sanchez Romero,M"]
[Black "Czakon,J"]
[Result "0-1"]
[WhiteElo "2259"]
[BlackElo "2510"]

1.e4 c5 2.Nf3 d6 3.Bb5+ Nc6 4.O-O Bd7 5.Re1 a6 6.Bf1 Bg4 7.d3 Nf6 8.Nbd2 e6
9.h3 Bh5 10.g4 Bg6 11.Nh4 Nd7 12.Nxg6 hxg6 13.Bg2 e5 14.Nf3 Be7 15.c3 Qb6
16.a3 Nf8 17.b4 Ne6 18.Be3 O-O 19.Rb1 Qc7 20.Rc1 Qd8 21.Qd2 g5 22.Red1 Bf6
23.Qa2 b5 24.Rd2 Qd7 25.Qb3 Rfb8 26.Qd1 a5 27.Rb2 axb4 28.axb4 cxb4 29.cxb4 Ra3
30.Qd2 Ncd4 31.Bxd4 exd4 32.Rbc2 Qd8 33.Rc6 g6 34.Qe1 Be5 35.Nxe5 dxe5 36.Bf1 Kg7
37.Qd2 Qe7 38.Rc8 Rxc8 39.Rxc8 Ra4 40.Qc2 Rxb4 41.Qc6 Rb2 42.Qa8 Qf6 43.Rg8+ Kh7
44.f3 Qxf3 45.Rg7+ Kxg7 46.Qh8+ Kxh8 47.Be2 Qxe2  0-1

[Event "XVII Burgas Open"]
[Site "Ourense ESP"]
[Date "2008.07.04"]
[Round "2"]
[White "Mateus,A"]
[Black "Fernandez Andrade,A"]
[Result "0-1"]
[WhiteElo "1445"]
[BlackElo "1861"]

1.e4 c5 2.Nf3 d6 3.Bb5+ Nd7 4.O-O a6 5.Bxd7+ Bxd7 6.c3 Nf6 7.Re1 e6 8.d4 Be7
9.Nbd2 O-O 10.Nf1 Qc7 11.Ng3 Rad8 12.Bf4 Qb6 13.Qe2 cxd4 14.cxd4 Bb5 15.Qc2 Rc8
16.Qb3 Qd8 17.Rac1 Qd7 18.Rxc8 Rxc8 19.Rc1 Rxc1+ 20.Bxc1 Qc6 21.Qc3 Nxe4
22.Nxe4 Qxe4 23.Qc8+ Bf8 24.h3 Bc6 25.Bg5 f6 26.Bh4 Qb1+ 27.Kh2 Qxa2 28.Bg3 e5
29.dxe5 dxe5 30.Nxe5 fxe5 31.Bxe5 Qf7 32.f4 Qg6 33.g4 Qe8 34.Qc7 Qd7 35.Qb8 Qd2+
36.Kg3 Qe1+  0-1

[Event "XVII Burgas Open"]
[Site "Ourense ESP"]
[Date "2008.07.04"]
[Round "2"]
[White "Rivas Pastor,M"]
[Black "Stanoev,A"]
[Result "1-0"]
[WhiteElo "2508"]
[BlackElo "2198"]

1.e4 c5 2.Nf3 d6 3.Bb5+ Nd7 4.c3 Nf6 5.Qe2 e6 6.O-O Be7 7.d4 O-O 8.a4 b6
9.Bc6 Rb8 10.b4 d5 11.e5 Ne4 12.b5 Bb7 13.Ne1 h6 14.f3 Ng5 15.Be3 Qc7 16.Bxb7 Qxb7
17.Nd2 Ra8 18.Nd3 a6 19.Rfb1 axb5 20.axb5 Rxa1 21.Rxa1 Ra8 22.Qd1 Ra7 23.Qb1 Qa8
24.Rxa7 Qxa7 25.dxc5 bxc5 26.f4 Nh7 27.Nb4 Qa4 28.Nc6 Bf8 29.f5 Ng5 30.Bxg5 hxg5
31.fxe6 fxe6 32.Qg6 Qg4 33.h3 Qf4 34.Qxe6+ Kh8 35.Qxd7 Qxd2 36.Qf7 Qc1+ 37.Kh2 Qf4+
38.Qxf4 gxf4 39.b6  1-0

[Event "Sparkassen Open"]
[Site "Dortmund GER"]
[Date "2008.07.05"]
[Round "8"]
[White "Wolter,Je"]
[Black "Mazarov,J"]
[Result "1/2-1/2"]
[WhiteElo "2106"]
[BlackElo "2161"]

1.e4 c5 2.Nf3 d6 3.Bb5+ Bd7 4.Bxd7+ Qxd7 5.O-O Nc6 6.c3 Nf6 7.Re1 e6 8.d4 cxd4
9.cxd4 d5 10.e5 Ne4 11.Nbd2 Nxd2 12.Bxd2 Be7 13.Bg5 O-O 14.Bxe7 Qxe7 15.Qd2 Rac8
16.Rec1 Qb4 17.Qxb4 Nxb4 18.Rc3 Rxc3 19.bxc3 Nc6 20.Kf1 Rc8 21.Ke2 Na5 22.Kd3 Rc4
23.Nd2 Ra4 24.Kc2 Kf8 25.Nb3 Nxb3 26.Kxb3 Rc4 27.Kc2 Ke7 28.Rb1 b6 29.Rb3 Kd7
30.Ra3 Rc7 31.Rb3 Kc6 32.Rb4 Kb7 33.Ra4 Kc6 34.Rb4 Rb7 35.Rb3 f6 36.exf6 gxf6
37.Kd3 Rg7 38.g3 h5 39.Rb2 h4 40.Re2 Kd6 41.Re3 hxg3 42.hxg3 Rh7 43.c4 Rh2
44.cxd5 Kxd5 45.Rf3 f5 46.Kc3 Rh1 47.Re3 Rc1+ 48.Kd3 Rd1+ 49.Kc3 Rxd4 50.Rxe6 Ra4
51.Re2 Ra3+ 52.Kb2 Rf3 53.Kc2 Kd4 54.Rd2+ Kc4 55.Kb2 b5 56.Kc2 a5 57.Kb2 b4
58.Kc2 a4 59.Kb2 b3 60.axb3+ axb3 61.Ka3 Kc3 62.Rb2 Kd4 63.Kb4 Ke5 64.Kc4 Kf6
65.Rxb3 Rxf2 66.Kd4 Re2 67.Kd3 Rg2 68.Rb4 Rxg3+ 69.Ke2 Kg5 70.Kf2 Rc3 71.Ra4 Rd3
72.Rb4 Kf6 73.Ra4 Kg5 74.Rb4 f4 75.Rb8 Kg4  1/2-1/2

[Event "ch-BEL"]
[Site "Eupen BEL"]
[Date "2008.07.05"]
[Round "1"]
[White "Tonoli,B"]
[Black "Cools,G"]
[Result "1-0"]
[WhiteElo "2175"]
[BlackElo "2327"]

1.e4 c5 2.Nf3 d6 3.Bb5+ Bd7 4.Bxd7+ Qxd7 5.c4 Nc6 6.d4 cxd4 7.Nxd4 Nf6 8.Nc3 g6
9.Nde2 Bg7 10.f3 O-O 11.O-O Rfc8 12.Bg5 Qd8 13.Kh1 a6 14.a4 Kf8 15.b3 Qa5
16.Qd2 Rab8 17.Rfd1 Kg8 18.Rab1 Qd8 19.Bh4 Ne5 20.Qe3 Rc5 21.h3 Rbc8 22.f4 Ned7
23.Bf2 Qf8 24.g4 e6 25.Rd2 a5 26.Rbd1 R5c6 27.Nb5 d5 28.cxd5 exd5 29.exd5 Rc2
30.d6 Rxd2 31.Rxd2 Re8 32.Qf3 Ne4 33.Rd1 f5 34.Bh4 Bf6 35.g5 Bg7 36.Qd3 Qf7
37.Nc7 Nec5 38.Qf3 Re4 39.Nd5 Bf8 40.Bf2 Nxb3 41.Ng3 Bxd6 42.Nxe4 fxe4 43.Qxb3  1-0

[Event "XVII Burgas Open"]
[Site "Ourense ESP"]
[Date "2008.07.05"]
[Round "3"]
[White "Vallejo Diaz,Ja"]
[Black "Guerra Mendez,J"]
[Result "1/2-1/2"]
[WhiteElo "2296"]
[BlackElo "2456"]

1.e4 c5 2.Nf3 d6 3.Bb5+ Nc6 4.Bxc6+ bxc6 5.O-O Bg4 6.d3 Nf6 7.Nbd2 Nd7 8.Nc4 e6
9.Re1 Be7 10.Bf4 Nb6 11.e5 Nxc4 12.dxc4 d5 13.Qe2 O-O 14.Rad1 Qa5 15.a3 Rfd8
16.h3 Bxf3 17.Qxf3 Qa4 18.cxd5 cxd5 19.c3 Rab8 20.Bc1 Qc2 21.Qd3 Qa4 22.Qg3 d4
23.cxd4 cxd4 24.Rd3 Rd5 25.Red1 Rbd8 26.Bh6 g6 27.Qf4 Qc2 28.R1d2 Qc1+ 29.Kh2 Qc5
30.b4 Qb6 31.g3 R8d7 32.h4 Bd8 33.h5 f5 34.hxg6 hxg6 35.Bg5 Qc7 36.Kg2 Qxe5
37.Qxe5 Rxe5 38.Bxd8 Rxd8 39.Rxd4 Rxd4 40.Rxd4 a5 41.f4  1/2-1/2

[Event "ch-NOR Elite"]
[Site "Tonsberg NOR"]
[Date "2008.07.05"]
[Round "1"]
[White "Hammer,J"]
[Black "Urkedal,F"]
[Result "1-0"]
[WhiteElo "2457"]
[BlackElo "2254"]

1.e4 c5 2.Nf3 d6 3.Bb5+ Bd7 4.Bxd7+ Qxd7 5.c4 Nf6 6.Nc3 g6 7.d4 cxd4 8.Nxd4 Bg7
9.h3 Nc6 10.Be3 O-O 11.O-O a6 12.a4 Nxd4 13.Bxd4 Qe6 14.Qd3 Rac8 15.b3 Nd7
16.Bxg7 Kxg7 17.Rae1 Nc5 18.Qc2 f6 19.f4 Qd7 20.Rd1 Qc6 21.Nd5 Rf7 22.f5 Nd7
23.Qe2 Rg8 24.Kh2 Kh8 25.Nf4 Nf8 26.g4 g5 27.Nh5 Nd7 28.Rd5 Qb6 29.Rb1 Rff8
30.Ng3 Rc8 31.Nf1 Ne5 32.Ne3 Rc5 33.Kg3 Qc7 34.Rc1 b5 35.axb5 axb5 36.b4 Rxd5
37.Nxd5 Qa7 38.cxb5 h5 39.b6 Qa3+ 40.Rc3 Qa1 41.Kg2 hxg4 42.b7 Kg7 43.Rc8 gxh3+
44.Kh2 Nd7 45.Qh5 Qb2+ 46.Kxh3 Qb3+ 47.Rc3 Qxc3+ 48.Nxc3 Rh8 49.Qxh8+ Kxh8
50.Nd5 Kg7 51.Nxe7 Nb8 52.b5 Kf7 53.Nc6  1-0

[Event "5th Sth Wales Int"]
[Site "Trefforst WLS"]
[Date "2008.07.05"]
[Round "1"]
[White "Marusenko,P"]
[Black "Collier,D"]
[Result "1-0"]
[WhiteElo "2327"]
[BlackElo "2093"]

1.e4 c5 2.Nf3 d6 3.Bb5+ Bd7 4.Bxd7+ Qxd7 5.O-O Nc6 6.c3 Nf6 7.d4 cxd4 8.cxd4 g6
9.Nc3 Bg7 10.d5 Nb8 11.Be3 O-O 12.Rc1 Na6 13.Nd4 Rfc8 14.f3 Nc7 15.Qb3 Rab8
16.a4 Qe8 17.Nde2 b6 18.Nd4 Nd7 19.Nc6 Ra8 20.Qa3 Ne5 21.Nb5 Nxc6 22.Rxc6 Nxb5
23.axb5 Rxc6 24.bxc6 Qc8 25.Ra1 Qc7 26.Qa6  1-0

[Event "XVII Burgas Open"]
[Site "Ourense ESP"]
[Date "2008.07.06"]
[Round "4"]
[White "Bello Filgueira,J"]
[Black "Stanoev,A"]
[Result "0-1"]
[WhiteElo "2015"]
[BlackElo "2198"]

1.e4 c5 2.Nf3 d6 3.Bb5+ Nd7 4.c3 Nf6 5.Bd3 g6 6.O-O Bg7 7.Re1 O-O 8.Bc2 Ne5
9.d4 Nxf3+ 10.Qxf3 cxd4 11.cxd4 Qb6 12.d5 Ng4 13.Nc3 Bd4 14.Re2 Bg7 15.h3 Ne5
16.Qe3 Qa5 17.Bb3 b5 18.f4 Nd7 19.Bd2 b4 20.Nd1 Qb5 21.Rc1 Nb6 22.Rf2 a5
23.Rc6 Rb8 24.Qe2 Qxe2 25.Rxe2 Bd7 26.Rc7 Rfc8 27.Rxd7 Nxd7 28.Ba4 Bd4+ 29.Be3 Bxe3+
30.Rxe3 Rc1 31.Bxd7 Rxd1+ 32.Kf2 Ra1 33.b3 Rxa2+ 34.Re2 Rxe2+ 35.Kxe2 Kf8
36.Kd3 e6 37.dxe6 fxe6 38.Bxe6 a4 39.Kc2 a3 40.Bc4 Ke7 41.g4 Ra8 42.Kb1 Rf8
43.f5 gxf5 44.exf5 Kf6 45.h4 Re8 46.Bd3 h6 47.Ka2 d5 48.Bb1 Re2+ 49.Ka1 d4
50.g5+ hxg5 51.hxg5+ Kxg5 52.f6 Kxf6 53.Bd3 Re3 54.Bc2 Re1+ 55.Bb1 d3 56.Ka2  0-1

[Event "ChInt Open"]
[Site "Paris FRA"]
[Date "2008.07.06"]
[Round "9"]
[White "Pile,R"]
[Black "Bernard,Ch"]
[Result "0-1"]
[WhiteElo "2318"]
[BlackElo "2361"]

1.e4 c5 2.Nf3 d6 3.Bb5+ Bd7 4.Bxd7+ Qxd7 5.c4 Nc6 6.d4 cxd4 7.Nxd4 g6 8.Nc3 Bg7
9.Nde2 Nf6 10.O-O O-O 11.f3 Rfd8 12.Bg5 a6 13.Qd2 Ne5 14.b3 b5 15.cxb5 axb5
16.Nd4 b4 17.Ncb5 d5 18.Qxb4 dxe4 19.a4 exf3 20.gxf3 Nd5 21.Qd2 Qh3 22.Qg2 Qh5
23.Rae1 h6 24.Bd2 Nd3 25.Rd1 N5f4 26.Bxf4 Nxf4  0-1

[Event "XXVIII Open"]
[Site "Benasque ESP"]
[Date "2008.07.07"]
[Round "5"]
[White "Baklan,V"]
[Black "Mamedov,Nid"]
[Result "1/2-1/2"]
[WhiteElo "2631"]
[BlackElo "2564"]

1.e4 c5 2.Nf3 d6 3.Bb5+ Bd7 4.Bxd7+ Qxd7 5.O-O Nc6 6.c3 Nf6 7.Qe2 e6 8.d3 Be7
9.Rd1 O-O 10.Nbd2 Rfd8 11.Nf1 Rac8 12.Ng3 h6 13.h3 Bf8 14.d4 cxd4 15.cxd4 Qc7
16.Bd2 Qb6 17.Bc3 Ne7 18.Rac1  1/2-1/2

[Event "7th Open"]
[Site "La Fere FRA"]
[Date "2008.07.07"]
[Round "4"]
[White "Sanduleac,V"]
[Black "Van Kampen,R"]
[Result "1/2-1/2"]
[WhiteElo "2466"]
[BlackElo "2294"]

1.e4 c5 2.Nf3 d6 3.Bb5+ Bd7 4.Bxd7+ Qxd7 5.O-O Nc6 6.c3 Nf6 7.Qe2 e6 8.Rd1 Be7
9.d4 cxd4 10.cxd4 d5 11.e5 Ne4 12.Be3 O-O 13.Ne1 f6 14.exf6 Bxf6 15.Nd2 Nd6
16.Nef3 Rac8 17.Rac1 Nf5 18.Nb3 b6 19.h3 Rfe8 20.a3 Qd6 21.Qd3 h6 22.Rc3 Nce7
23.Qb5 Kf7 24.Rdc1 Rxc3 25.Rxc3 Rc8 26.Rxc8 Nxc8 27.Nc1 Nce7 28.Nd3 Ng6 29.Nb4 Nge7
30.Qe2 Nc6 31.Nxc6  1/2-1/2

[Event "ch-NOR Elite"]
[Site "Tonsberg NOR"]
[Date "2008.07.07"]
[Round "3"]
[White "Breivik,L"]
[Black "Urkedal,F"]
[Result "1/2-1/2"]
[WhiteElo "2265"]
[BlackElo "2254"]

1.e4 c5 2.Nf3 d6 3.Bb5+ Bd7 4.Bxd7+ Qxd7 5.O-O Nc6 6.c3 Nf6 7.d4 cxd4 8.cxd4 d5
9.e5 Ne4 10.Ne1 h6 11.Be3 e6 12.f3 Ng5 13.Nc3 Be7 14.Nd3 Rc8 15.f4 Ne4 16.Nxe4 dxe4
17.Nf2 Nb4 18.Qb3 Qd5 19.Rac1 O-O 20.Qxd5 Nxd5 21.Rxc8 Rxc8 22.Rc1 Rd8 23.Re1 Bb4
24.Re2 Nxe3 25.Rxe3 Rxd4 26.Nxe4 Ba5 27.Kf1 Rd1+ 28.Ke2 Rg1 29.Kf3 Rf1+ 30.Nf2 Bb6
31.Re2 g5 32.g3 Kg7 33.Kg2 Ra1 34.b3 gxf4 35.gxf4 Kg6 36.Ne4 Kf5 37.Kf3 Rf1+
38.Kg3 Bc7 39.Nf2 Rc1 40.Ne4 Rg1+ 41.Kf3 Rf1+ 42.Rf2 Rg1 43.Rc2 Bb6 44.Nd6+ Kg6
45.Rg2+ Rxg2 46.Kxg2 Be3 47.Kf3 Bg1 48.Kg2  1/2-1/2

[Event "XXVIII Open"]
[Site "Benasque ESP"]
[Date "2008.07.09"]
[Round "7"]
[White "Baklan,V"]
[Black "Babaev,Ra"]
[Result "1/2-1/2"]
[WhiteElo "2631"]
[BlackElo "2484"]

1.e4 c5 2.Nf3 d6 3.Bb5+ Bd7 4.Bxd7+ Qxd7 5.c4 Nc6 6.d4 cxd4 7.Nxd4 Nf6 8.Nc3 g6
9.f3 Nxd4 10.Qxd4 Bg7 11.Be3 O-O 12.Qd3 Qc6 13.Rc1 Nd7 14.b3 f5 15.exf5 gxf5
16.O-O Kh8 17.Qd2 Ne5 18.Nd5 Qd7 19.Bh6 Rg8 20.Ra1  1/2-1/2

[Event "36th TCh-GRE"]
[Site "Kallithea Halkidiki GRE"]
[Date "2008.07.09"]
[Round "5"]
[White "Khetsuriani,B"]
[Black "Georgiev,Kr"]
[Result "1/2-1/2"]
[WhiteElo "2350"]
[BlackElo "2446"]

1.e4 c5 2.Nf3 d6 3.Bb5+ Nc6 4.O-O Bd7 5.Re1 a6 6.Bxc6 Bxc6 7.d4 cxd4 8.Nxd4 Bd7
9.Bg5 Qa5 10.Bd2 Qc7 11.Nc3 e6 12.Bg5 Be7 13.Qd2 Nf6 14.Rad1 Rd8 15.Nf5 exf5
16.Bxf6 Bxf6 17.Nd5 Qc8 18.Nxf6+ gxf6 19.exf5+ Kf8 20.Qxd6+ Kg7 21.Qg3+ Kf8
22.Qf4 h6  1/2-1/2

[Event "7th Open"]
[Site "La Fere FRA"]
[Date "2008.07.09"]
[Round "6"]
[White "Riff,JN"]
[Black "Marchal,C"]
[Result "1-0"]
[WhiteElo "2481"]
[BlackElo "1878"]

1.e4 c5 2.Nf3 d6 3.Bb5+ Bd7 4.Bxd7+ Qxd7 5.O-O g6 6.c3 Bg7 7.d4 Nh6 8.Qe2 O-O
9.h3 Na6 10.Rd1 Qc8 11.Na3 Nc7 12.Be3 b6 13.Qd2 Ng4 14.hxg4 Qxg4 15.Bg5 Rfe8
16.Qf4 Qxf4 17.Bxf4 cxd4 18.cxd4 Bxd4 19.Nxd4 e5 20.Ndb5 Nxb5 21.Nxb5  1-0

[Event "XXXI Open"]
[Site "Barbera del Valles ESP"]
[Date "2008.07.10"]
[Round "6"]
[White "Butuc,M"]
[Black "Chalmeta Ugas,R"]
[Result "1/2-1/2"]
[WhiteElo "2188"]
[BlackElo "2175"]

1.e4 c5 2.Nf3 d6 3.Bb5+ Bd7 4.Bxd7+ Qxd7 5.c4 Nc6 6.d4 cxd4 7.Nxd4 Nf6 8.Nc3 g6
9.O-O Bg7 10.Nde2 O-O 11.f3 Ne5 12.b3 a6 13.a4 Qc6 14.Be3 e6 15.Rc1 Rfd8
16.Qd2 Ned7 17.Nd5 Re8 18.Nd4 Qc8 19.Nxf6+ Bxf6 20.Rfd1 Nc5 21.Qc2 b6 22.b4 Nb7
23.Qd2 Qd7 24.Ne2 Qxa4 25.Bxb6 Rec8 26.Bd4 Bxd4+ 27.Qxd4 Rab8 28.Qd2 a5 29.bxa5 Qxa5
30.Qxa5 Nxa5 31.Rxd6 Rxc4 32.Rxc4 Nxc4 33.Rc6 Ne5 34.Rc3 Rb2  1/2-1/2

[Event "36th TCh-GRE"]
[Site "Kallithea Halkidiki GRE"]
[Date "2008.07.10"]
[Round "7"]
[White "Bojkov,D"]
[Black "Miroshnichenko,E"]
[Result "1/2-1/2"]
[WhiteElo "2498"]
[BlackElo "2593"]

1.e4 c5 2.Nf3 d6 3.Bb5+ Nc6 4.c3 Nf6 5.d3 e5 6.O-O Be7 7.Nbd2 O-O 8.Re1 Bd7
9.Ba4 Rb8 10.Nf1 b5 11.Bc2 Re8 12.h3 Bf8 13.Bg5 h6 14.Bxf6 Qxf6 15.Ne3 g6
16.a4 b4 17.Nd5 Qd8 18.Nd2 Bg7 19.a5 Ne7 20.Nxe7+ Rxe7 21.Bb3 Kh7  1/2-1/2

[Event "Kings Gambit B"]
[Site "Lipetsk RUS"]
[Date "2008.07.10"]
[Round "2"]
[White "Nikitin,Y2"]
[Black "Kovalenko,I"]
[Result "1/2-1/2"]
[WhiteElo "2264"]
[BlackElo "2415"]

1.e4 c5 2.Nf3 d6 3.Bb5+ Nd7 4.O-O a6 5.Bxd7+ Bxd7 6.c3 Nf6 7.Re1 Bc6 8.e5 dxe5
9.Nxe5 Qd5 10.Nxc6 Qxc6 11.Na3 e6 12.Nc4 Bd6 13.d4 Rd8 14.Be3 O-O 15.Qe2 Nd5
16.Bg5 Be7 17.Bxe7 Nxe7 18.Ne5 Qb6 19.dxc5 Qxc5 20.Rad1 Qc7 21.h3 Nc6 22.Nxc6 Qxc6
23.Rxd8 Rxd8 24.Rd1 Rxd1+ 25.Qxd1 f6 26.Qd3 e5 27.c4 b5 28.cxb5 axb5 29.b3 b4
30.Qd2 Qc5 31.Qd8+ Kf7 32.Qd7+ Qe7 33.Qd5+ Qe6 34.Qb7+ Qe7 35.Qd5+ Kg6 36.Kf1 h5
37.Ke2 e4 38.g4 hxg4 39.hxg4 Qe5 40.Qc4 Qf4 41.Qxb4 Qxg4+ 42.Ke1 Qg1+ 43.Ke2 Qg4+
44.Ke1 f5 45.a4 Qg1+ 46.Ke2 Qg4+ 47.Ke1 Qg1+ 48.Ke2 Qg4+  1/2-1/2

[Event "XVII Burgas Open"]
[Site "Ourense ESP"]
[Date "2008.07.10"]
[Round "8"]
[White "Bello Filgueira,J"]
[Black "Fernandez Andrade,A"]
[Result "1-0"]
[WhiteElo "2015"]
[BlackElo "1861"]

1.e4 c5 2.Nf3 d6 3.Bb5+ Nc6 4.Bxc6+ bxc6 5.O-O Bg4 6.c3 g6 7.h3 Bd7 8.Re1 Bg7
9.d4 cxd4 10.cxd4 Nh6 11.Nc3 O-O 12.Bf4 Kh8 13.Qd2 Ng8 14.Rad1 Qa5 15.e5 d5
16.b3 e6 17.Na4 Qxd2 18.Rxd2 Rfc8 19.Rc2 Bf8 20.Nc5 Be8 21.Rec1 h6 22.g4 Ne7
23.Kg2 Kh7 24.Be3 Rc7 25.Ne1 Kg7 26.f4 Kh7 27.Ned3 a5 28.Kf3 Kg7 29.Bf2 Kh7
30.Bh4 Ng8 31.Bg3 Ne7 32.Rf1 Kg7 33.Kg2 h5 34.Bh4 Ng8 35.f5 gxf5 36.gxf5 Nh6
37.fxe6 Raa7 38.Kh2 Kh7 39.Rcf2 f5 40.Bf6 Bg6 41.Nf4 Bxc5 42.dxc5 Be8 43.Rg1  1-0

[Event "XXIII Tadeusz Gniota Mem"]
[Site "Police POL"]
[Date "2008.07.10"]
[Round "2"]
[White "Kostyra,M"]
[Black "Kalinitschew,S"]
[Result "0-1"]
[WhiteElo "2188"]
[BlackElo "2456"]

1.e4 c5 2.Nf3 d6 3.Bb5+ Bd7 4.Bxd7+ Nxd7 5.O-O Ngf6 6.Qe2 e6 7.c3 Be7 8.d4 cxd4
9.cxd4 d5 10.e5 Ne4 11.Nc3 Nxc3 12.bxc3 Rc8 13.Bd2 Rc6 14.Ne1 O-O 15.f4 f5
16.Nd3 Nb6 17.Rfb1 Rf7 18.a4 Bf8 19.Rb3 Nc4 20.Nb4 Bxb4 21.cxb4 Nxd2 22.Qxd2 Rfc7
23.Rbb1 Rc2 24.Qd1 Qc8 25.h3 R7c3 26.Kh2 h6 27.Qh5 Kh7 28.Qf7 Qc4 29.Qxe6 Rxg2+  0-1

[Event "ch-IRL"]
[Site "Dublin IRL"]
[Date "2008.07.11"]
[Round "7"]
[White "Cafolla,P"]
[Black "Lyons,B"]
[Result "0-1"]
[WhiteElo "2055"]
[BlackElo "2088"]

1.e4 c5 2.Nf3 d6 3.Bb5+ Nd7 4.O-O a6 5.Bxd7+ Bxd7 6.d4 cxd4 7.Qxd4 Rc8 8.c4 Qc7
9.b3 b5 10.Nbd2 Nf6 11.Bb2 e5 12.Qd3 Be7 13.Rfc1 Qb7 14.c5 dxc5 15.Nxe5 Be6
16.f4 O-O 17.f5 Rfd8 18.Qe2 Rxd2 19.Qxd2 Nxe4 20.Qe2 Bxf5 21.Rf1 Be6 22.Rae1 f5
23.Qh5 c4 24.bxc4 bxc4 25.Bd4 Qd5 26.Rd1 Bc5 27.Nf3 c3 28.Rd3 Qc4 29.Bxc5 Qxd3
30.Ba7 c2  0-1

[Event "XVII Burgas Open"]
[Site "Ourense ESP"]
[Date "2008.07.11"]
[Round "9"]
[White "Starostits,I"]
[Black "Krivoshey,S"]
[Result "1/2-1/2"]
[WhiteElo "2497"]
[BlackElo "2504"]

1.e4 c5 2.Nf3 d6 3.Bb5+ Bd7 4.Bxd7+ Qxd7 5.O-O Nc6 6.c4 g6 7.d4 cxd4 8.Nxd4 Bg7
9.Be3 Nf6 10.f3 O-O 11.Nc3 Rac8  1/2-1/2

[Event "7th Open"]
[Site "La Fere FRA"]
[Date "2008.07.12"]
[Round "9"]
[White "Sanduleac,V"]
[Black "Ringoir,T"]
[Result "1/2-1/2"]
[WhiteElo "2466"]
[BlackElo "2321"]

1.e4 c5 2.Nf3 d6 3.Bb5+ Bd7 4.Bxd7+ Qxd7 5.O-O Nf6 6.e5 dxe5 7.Nxe5 Qd6 8.Nc4 Qd8
9.Nc3 Nc6 10.d3 e6 11.a4 Be7 12.Ne4 O-O 13.c3 Qd5 14.Nxf6+ Bxf6 15.Be3 Rfd8
16.Qe2 Rd7 17.Rfd1 Rad8 18.Rd2 b6 19.h3 h5 20.Rad1 Qf5 21.Kf1 Ne7 22.Kg1 Ng6
23.d4 cxd4 24.Bxd4 Bxd4 25.Rxd4 Rxd4 26.cxd4 h4  1/2-1/2

[Event "2nd LCT"]
[Site "Leiden NED"]
[Date "2008.07.12"]
[Round "2"]
[White "Noordkamp,W"]
[Black "Langedijk,A"]
[Result "1/2-1/2"]
[WhiteElo "2011"]
[BlackElo "2251"]

1.e4 c5 2.Nf3 d6 3.Bb5+ Nd7 4.O-O Nf6 5.Re1 a6 6.Bf1 e5 7.c3 Be7 8.d4 Qc7
9.d5 b5 10.c4 bxc4 11.Bxc4 Nb6 12.Na3 Bg4 13.Bd2 O-O 14.Ba5 Nfd7 15.h3 Bh5
16.Qd3 Qb7 17.Rab1 Bd8 18.Bd2 Bg6 19.g4 Qc8 20.Kg2 Nf6 21.Ng1 Nxe4 22.Rxe4 f5
23.gxf5 Qxf5 24.f3 Bg5 25.Rbe1 Qf6 26.Ba5 Nxc4 27.Nxc4 Ra7 28.Qb3 Bxe4 29.Rxe4 Bf4
30.Qb6 Qg6+ 31.Kf1 Bh2 32.Rg4 Qd3+ 33.Ke1 Raf7 34.Nd2 Qe3+ 35.Ne2 Rxf3 36.Nxf3 Qxf3
37.Qxd6 Qf2+ 38.Kd1 Qe3 39.Qe6+ Kh8 40.Qxa6 Qxh3 41.Qc4 Bf4 42.Qxc5 Qd3+
43.Ke1 Qb1+ 44.Kf2 Bg3+ 45.Kxg3 Qd3+ 46.Kh4 g5+ 47.Kxg5 Qf5+ 48.Kh4 Qf6+
49.Kh5 Qf5+ 50.Kh4 Qf6+ 51.Kh5 Qf5+ 52.Kh4  1/2-1/2

[Event "19th Czech Oce Open"]
[Site "Pardubice CZE"]
[Date "2008.07.12"]
[Round "4"]
[White "Chernyshov,K"]
[Black "Korobov,A"]
[Result "0-1"]
[WhiteElo "2565"]
[BlackElo "2590"]

1.e4 c5 2.Nf3 d6 3.Bb5+ Bd7 4.a4 Nc6 5.O-O Nf6 6.Re1 e6 7.d3 Be7 8.Nbd2 O-O
9.Nf1 a6 10.Bxc6 Bxc6 11.a5 d5 12.e5 Nd7 13.Ng3 b5 14.axb6 Qxb6 15.Rb1 Rae8
16.Bg5 f6 17.exf6 Bxf6 18.Bxf6 gxf6 19.Qd2 Kh8 20.b4 Rg8 21.bxc5 Qxc5 22.Rb4 e5
23.Rh4 Qf8 24.Qa5 Qc5 25.Qd2 Qf8 26.Ra1 Rb8 27.Ne1 Rb6 28.f4 e4 29.d4 Bb5
30.Nf5 Rc6 31.Qd1 Qe8 32.Ra3 Nf8 33.Rah3 Rc7 34.Rh6 Qe6 35.Qh5 Be8 36.Qh4 Qxf5
37.Rxf6 Qd7 38.Rxa6 Ng6 39.Qg5 Qg7 40.Qf6 Rf8 41.Qxg7+ Rxg7 42.Ra5 Nxf4 43.Re3 Bh5
44.h3 Nxg2  0-1